000 00323nam a22001217a 4500
008 180522b xxu||||| |||| 00| 0 eng d
041 _aeng
080 _a043.3
100 _a0
101 _aSHKI-BTH
245 _aAnaliza dhe zhvillimi i sistemeve autonome me ndihmën e "Proactive Computing"
_cPeçani,G
942 _2udc
_cBK
999 _c46205
_d46205